| 000 | 00860nam a22002657a 4500 | ||
|---|---|---|---|
| 003 | OSt | ||
| 005 | 20240530073925.0 | ||
| 007 | ta | ||
| 008 | 210305b 2020 dr f 00| 0 eng d | ||
| 020 | _a9789804310775 | ||
| 040 |
_aDO-SdBNP _bspa _cBNPHU |
||
| 082 | 4 |
_aRD863.5 _bR173a _222 |
|
| 100 | 1 |
_aRamírez, Gidel _978020 |
|
| 245 | 1 | 0 |
_aAyla y sus 69 enigmas / _cGidel Antonio Ramirez Moreta |
| 260 |
_aSanto Domingo : _bVérité Editorial Group, _c2020. |
||
| 300 |
_a294 p. ; _c21 cm. |
||
| 500 | _aIncluye datos sobre el autor en la solapa de la cubierta. | ||
| 590 | _aInventariado, 2021 /LP | ||
| 650 | 0 |
_aNovela dominicana _9223 |
|
| 650 | 4 |
_aLiteratura dominicana _978488 |
|
| 700 | 1 |
_aBeras, Alexander, _ediseño gráfico _978023 |
|
| 700 | 1 |
_aCarrero, Mery, _ediagración _978024 |
|
| 910 | _aValidado. Control de calidad MFF | ||
| 942 |
_2ddc _cLBS1 |
||
| 999 |
_c49502 _d49502 |
||